00488nam a2200157 a 450000100100000000500170001000800410002702000150006804000250008310000230010824500940013125000120022526000370023730000350027470000210030900003562620200930074502.0111107s1944 cl 000 0 spa d a9586001243 aDO-SdBNPsspacBNPHU1 aKinnear, Thomas C.10aInvestigación de mercados :bun enfoque aplicado /cThomas C. Kinnear, James R. Taylor. a4a. ed. a[s.l.] :bMC Graw Hill,c[198?]. axxii, 812 p. :bil., ;c28 cm.1 aTaylor, James R.